top des meilleurs types de 92i - Statistiques

Statistiques générales
  • Ce quiz a été pris 68 fois
  • Le résultat moyen est 2 sur 7
Statistiques - réponses
top type 92i % Correct
1 gothique
63%
4 latina
61%
2 asiatique
35%
7 Favé
11%
6 2010 - 2012
4%
5 de l’est
4%
3 classique
2%
Aucun quiz correspondant
Distribution des résultats
% des personnes avec chaque résultat
Percentile par nombre de réponses
Votre historique - résultats
Vous n’avez pas pris ce quiz